Twenty-First Report of the Appointment Committee On H.E The President's Nominations For Ministerial Appointment (Record no. 5113)
[ view plain ]
| 000 -LEADER | |
|---|---|
| fixed length control field | 00550nam a22001577a 4500 |
| 003 - CONTROL NUMBER IDENTIFIER | |
| control field | OSt |
| 005 - DATE AND TIME OF LATEST TRANSACTION | |
| control field | 20250304143102.0 |
| 008 - FIXED-LENGTH DATA ELEMENTS--GENERAL INFORMATION | |
| fixed length control field | 250304b |||||||| |||| 00| 0 eng d |
| 041 ## - LANGUAGE CODE | |
| Language code of text/sound track or separate title | English |
| 082 ## - DEWEY DECIMAL CLASSIFICATION NUMBER | |
| Classification number | CR/MA/11 Acc. No. 10,903 |
| 110 ## - MAIN ENTRY--CORPORATE NAME | |
| Corporate name or jurisdiction name as entry element | Appointment Committee |
| 245 ## - TITLE STATEMENT | |
| Title | Twenty-First Report of the Appointment Committee On H.E The President's Nominations For Ministerial Appointment |
| 300 ## - PHYSICAL DESCRIPTION | |
| Extent | 16P |
| 650 ## - SUBJECT ADDED ENTRY--TOPICAL TERM | |
| Source of heading or term | Ministerial Appointment; Hon. Clement Kofi Humado, Dr. Kwesi Akyem Apea-Kubi, Dr. Kwaku Agyemang-Mensah |
| 942 ## - ADDED ENTRY ELEMENTS (KOHA) | |
| Source of classification or shelving scheme | Dewey Decimal Classification |
| Koha item type | Committee Reports |
| Suppress in OPAC | No |
| Withdrawn status | Lost status | Source of classification or shelving scheme | Damaged status | Not for loan | Home library | Current library | Shelving location | Date acquired | Total checkouts | Full call number | Date last seen | Copy number | Price effective from | Koha item type |
|---|---|---|---|---|---|---|---|---|---|---|---|---|---|---|
| Dewey Decimal Classification | Main Library | Main Library | Open Shelves | 04/03/2025 | CR/MA/11 Acc. No. 10,903 | 04/03/2025 | 1 | 04/03/2025 | Committee Reports |